[Event "C.to Provinciale CO"]
[Site "Mariano Comense ITA"]
[Date "2002.02.16"]
[Round "4"]
[White "Orsenigo, Davide"]
[Black "Negri, Sergio"]
[Result "1-0"]
[WhiteElo "1570"]
[BlackElo "1630"]
[PlyCount "95"]
[EventDate "2002.02.09"]

1. e4 e6 2. d4 d5 3. Nc3 Bb4 4. a3 Bxc3+ 5. bxc3 dxe4 6. f3 Nc6 7. Bc4 b6 8.
Nh3 Bb7 9. O-O Na5 10. Be2 Ne7 11. fxe4 Bxe4 12. Ng5 Bg6 13. h4 h6 14. Nh3 Nd5
15. Qe1 Bxc2 16. Qg3 Rh7 17. c4 Nf6 18. Bb2 Qd6 19. Qe3 O-O-O 20. c5 Qd5 21.
Qd2 Be4 22. Nf4 Qxc5 23. Qe3 Qd6 24. Rac1 g5 25. Ba6+ Kb8 26. Ne2 Ng4 27. Qh3
Bf5 28. Ng3 Qd5 29. Nxf5 exf5 30. Qc3 Qd6 31. Qh3 Re8 32. Rxf5 Nf6 33. Qf3 Ne4
34. Re1 g4 35. Qxg4 Qc6 36. Rf4 Nd6 37. Rxe8+ Qxe8 38. Qf3 Rh8 39. Bc3 Nac4 40.
Bxc4 Nxc4 41. d5 Rg8 42. Rxc4 Qb5 43. Rc6 Qb1+ 44. Kh2 Qc2 45. Be5 Qg6 46. Rxc7
Ka8 47. d6+ Kb8 48. Qb7# 1-0

[Event "C.to Provinciale CO"]
[Site "Mariano Comense ITA"]
[Date "2002.02.16"]
[Round "4"]
[White "Rossi, Giampiero"]
[Black "Romano', Fabio"]
[Result "1-0"]
[WhiteElo "2065"]
[BlackElo "1771"]
[PlyCount "179"]
[EventDate "2002.02.09"]

1. d4 Nf6 2. c4 e6 3. Nc3 d5 4. cxd5 exd5 5. Bg5 c6 6. e3 Be7 7. Qc2 O-O 8. Bd3
Nbd7 9. Nge2 Re8 10. O-O Nf8 11. Rab1 a5 12. a3 b5 13. b4 axb4 14. axb4 Bb7 15.
Ng3 h6 16. Bf4 g5 17. Be5 Ng4 18. Nf5 h5 19. Bg3 h4 20. Qe2 Nf6 21. Be5 Ng6 22.
Nh6+ Kg7 23. Bxg6 Kxg6 24. Bxf6 Kxh6 25. Bxe7 Qxe7 26. Qd2 Kg6 27. Rfe1 f5 28.
f3 Qf7 29. Nd1 Ra3 30. Nf2 Rea8 31. Nd3 Kh6 32. Ne5 Qe6 33. f4 g4 34. Qf2 Qf6
35. Rec1 Ra2 36. Rb2 Ra1 37. Qc2 Kg7 38. Rxa1 Rxa1+ 39. Rb1 Ra3 40. Kf2 g3+ 41.
hxg3 hxg3+ 42. Kf3 Bc8 43. Qxc6 Qxc6 44. Nxc6 Rc3 45. Ne5 Kf6 46. Rb2 Be6 47.
Ke2 Rc1 48. Rb3 Bf7 49. Nxf7 Kxf7 50. Kf3 Ke6 51. Kxg3 Rc7 52. Kf3 Rc1 53. Rb2
Rf1+ 54. Ke2 Rg1 55. Kd3 Rd1+ 56. Rd2 Rb1 57. Kc3 Re1 58. Rd3 Rb1 59. Rd2 Re1
60. Kd3 Rb1 61. Rc2 Rxb4 62. Rc6+ Ke7 63. Rc5 Kd6 64. Rc8 Kd7 65. Rb8 Rb1 66.
Kc2 Rb4 67. g3 Ke7 68. Rb7+ Ke6 69. Rb6+ Ke7 70. Rg6 Rc4+ 71. Kb3 b4 72. g4
fxg4 73. Rxg4 Rc3+ 74. Kxb4 Rxe3 75. Kc5 Ke6 76. Rg6+ Kf5 77. Rd6 Rc3+ 78. Kxd5
Kxf4 79. Re6 Kf5 80. Re1 Kf6 81. Kd6 Kf7 82. d5 Ra3 83. Rc1 Ke8 84. Rc8+ Kf7
85. Kd7 Rd3 86. d6 Rd2 87. Rc1 Kf6 88. Rf1+ Ke5 89. Ke7 Ra2 90. Re1+ 1-0

[Event "C.to Provinciale CO"]
[Site "Mariano Comense ITA"]
[Date "2002.02.16"]
[Round "4"]
[White "Vignotto, Ciro"]
[Black "Boasso, Adriano"]
[Result "1-0"]
[WhiteElo "1618"]
[BlackElo "1473"]
[PlyCount "93"]
[EventDate "2002.02.09"]

1. e4 c6 2. d4 d5 3. Nc3 dxe4 4. Nxe4 Bf5 5. Ng3 Bg6 6. h4 h6 7. N1e2 Nf6 8.
Nf4 Bh7 9. Bc4 e6 10. O-O Bd6 11. Re1 O-O 12. Ngh5 Nbd7 13. Nxe6 fxe6 14. Rxe6
Kh8 15. Rxd6 Qe8 16. Nxf6 Nxf6 17. Re6 Qd7 18. c3 Bg8 19. Rxf6 Rxf6 20. Bxg8
Kxg8 21. Be3 Re8 22. Qa4 b5 23. Qc2 Qd5 24. b3 Rfe6 25. Rc1 Qh5 26. g3 Qf3 27.
Re1 g5 28. Qd1 Qxd1 29. Rxd1 Rxe3 30. fxe3 Rxe3 31. Kf2 Rxc3 32. hxg5 hxg5 33.
d5 cxd5 34. Rxd5 a6 35. Rxg5+ Kf7 36. Re5 Kf6 37. Re3 Rc2+ 38. Re2 Rc3 39. Rd2
Ke5 40. Kg2 Ke4 41. Rf2 a5 42. Kh3 a4 43. bxa4 bxa4 44. Rf4+ Ke3 45. Rxa4 Kf2
46. Rf4+ Ke2 47. a4 1-0

[Event "C.to Provinciale CO"]
[Site "Mariano Comense ITA"]
[Date "2002.02.17"]
[Round "5"]
[White "Bellotto, Stefano"]
[Black "Buonocore, Elio"]
[Result "0-1"]
[WhiteElo "1710"]
[BlackElo "2105"]
[PlyCount "42"]
[EventDate "2002.02.09"]

1. d4 f5 2. Nf3 Nf6 3. g3 g6 4. Bg2 Bg7 5. O-O O-O 6. c4 d6 7. Nc3 Nc6 8. d5
Ne5 9. Nxe5 dxe5 10. e4 f4 11. gxf4 exf4 12. Re1 Ng4 13. f3 Ne5 14. Qe2 g5 15.
Nd1 Qe8 16. Nf2 g4 17. Nd3 Qh5 18. Nxe5 Bxe5 19. Qf1 Rf6 20. fxg4 Bxg4 21. Bd2
f3 0-1

[Event "C.to Provinciale CO"]
[Site "Mariano Comense ITA"]
[Date "2002.02.17"]
[Round "5"]
[White "Corti, Filippo"]
[Black "Vignotto, Ciro"]
[Result "1/2-1/2"]
[WhiteElo "1621"]
[BlackElo "1618"]
[PlyCount "73"]
[EventDate "2002.02.09"]

1. Nf3 d5 2. g3 e6 3. Bg2 Nf6 4. d3 Be7 5. O-O b6 6. Nbd2 Bb7 7. c3 Nbd7 8. Qc2
O-O 9. e4 e5 10. Re1 dxe4 11. dxe4 c5 12. Nc4 Qc7 13. Nh4 Rfe8 14. Nf5 Rad8 15.
Nxe7+ Rxe7 16. Bg5 h6 17. Bd2 b5 18. Ne3 Nb6 19. Nf5 Red7 20. Rad1 Nc8 21. f3
Nd6 22. Ne3 Ba8 23. Nd5 Nxd5 24. exd5 Nc4 25. Bc1 Bxd5 26. b3 Nb6 27. Be3 Bb7
28. Rxd7 Rxd7 29. Rd1 Rxd1+ 30. Qxd1 Qd7 31. Qe2 Qc6 32. Kf2 f6 33. Qd2 Nd5 34.
f4 exf4 35. Qxd5+ Qxd5 36. Bxd5+ Bxd5 37. gxf4 1/2-1/2

[Event "C.to Provinciale CO"]
[Site "Mariano Comense ITA"]
[Date "2002.02.17"]
[Round "5"]
[White "Lancianese, Giuseppe"]
[Black "Orsenigo, Davide"]
[Result "0-1"]
[WhiteElo "1645"]
[BlackElo "1570"]
[PlyCount "68"]
[EventDate "2002.02.09"]

1. e4 c5 2. Nf3 d6 3. d4 cxd4 4. Nxd4 Nf6 5. Nc3 a6 6. a4 e5 7. Nb3 Be7 8. Be2
Be6 9. Be3 O-O 10. O-O Nbd7 11. f4 Qc7 12. f5 Bc4 13. Qe1 d5 14. exd5 Nxd5 15.
Nxd5 Bxd5 16. Rc1 f6 17. Qg3 Rfd8 18. h4 Nc5 19. Bf3 Rac8 20. h5 Bxf3 21. h6
Bf8 22. gxf3 Nxb3 23. cxb3 Qd7 24. Bb6 Rxc1 25. Rxc1 Rc8 26. Rxc8 Qxc8 27. Be3
Qxf5 28. hxg7 Bxg7 29. Qh4 Qb1+ 30. Kh2 Qxb2+ 31. Kg3 Qxb3 32. Bh6 Bxh6 33.
Qxh6 Qxa4 34. Qxf6 Qf4+ 0-1

[Event "C.to Provinciale CO"]
[Site "Mariano Comense ITA"]
[Date "2002.02.17"]
[Round "5"]
[White "Mason, Giovanni"]
[Black "Colombo, Eugenio"]
[Result "0-1"]
[WhiteElo "1600"]
[BlackElo "1582"]
[PlyCount "126"]
[EventDate "2002.02.09"]

1. e4 c5 2. Nf3 Nc6 3. d4 cxd4 4. Nxd4 Nxd4 5. Qxd4 Qc7 6. Nc3 e6 7. Bd3 a6 8.
O-O Nf6 9. e5 Bc5 10. Qf4 Nd5 11. Nxd5 exd5 12. c3 O-O 13. Be3 d6 14. Qh4 g6
15. Bg5 dxe5 16. Bf6 h5 17. Qg5 Kh7 18. Bxe5 Bd6 19. Bxd6 Qxd6 20. Rfe1 Kg7 21.
Re5 Be6 22. Rae1 Rfe8 23. f4 Qd8 24. Qg3 Bg4 25. h3 Rxe5 26. Rxe5 Bd1 27. Re6
Bg4 28. Re5 Qb6+ 29. Kh1 Rh8 30. Rxd5 Be6 31. Re5 h4 32. Qf3 Qd6 33. Qe3 Rd8
34. Bf1 Qd2 35. Qxd2 Rxd2 36. Re2 Rd1 37. Rf2 Bxa2 38. Kh2 Bb3 39. g3 hxg3+ 40.
Kxg3 Re1 41. Bg2 Re3+ 42. Kh2 b5 43. Bf3 Kf6 44. Kg3 Be6 45. Kh4 Kg7 46. Bg4
Bd5 47. Bc8 a5 48. Ba6 Bc4 49. Bb7 Be6 50. Bf3 Kf6 51. Kg3 a4 52. Re2 Rd3 53.
Re5 Bc4 54. Re2 a3 55. bxa3 Rxc3 56. Rd2 Rxa3 57. Kf2 b4 58. Bd5 Rc3 59. Bxc4
Rxc4 60. Kf3 Rc3+ 61. Kg4 b3 62. Rb2 Kg7 63. h4 f5+ 0-1

[Event "C.to Provinciale CO"]
[Site "Mariano Comense ITA"]
[Date "2002.02.17"]
[Round "5"]
[White "Revinelli, Sergio"]
[Black "Rossi, Giampiero"]
[Result "1/2-1/2"]
[WhiteElo "1675"]
[BlackElo "2065"]
[PlyCount "62"]
[EventDate "2002.02.09"]

1. e4 c5 2. Nf3 e6 3. d4 cxd4 4. Nxd4 a6 5. Bd3 Nc6 6. Nxc6 dxc6 7. Nd2 e5 8.
Qh5 Bd6 9. Nc4 Bc7 10. Bg5 Nf6 11. Qe2 h6 12. Bh4 Qe7 13. O-O-O Be6 14. f4 exf4
15. e5 Bxc4 16. Bxc4 g5 17. exf6 Qxe2 18. Bxe2 gxh4 19. Bg4 O-O 20. Rd7 Be5 21.
Rxb7 Rab8 22. Rxb8 Rxb8 23. b3 Bxf6 24. Rd1 Rd8 25. Rxd8+ Bxd8 26. h3 Kf8 27.
Kd2 Ke7 28. Kd3 Bb6 29. Ke4 Be3 30. Kf5 c5 31. c4 Bd2 1/2-1/2

[Event "C.to Provinciale CO"]
[Site "Mariano Comense ITA"]
[Date "2002.02.17"]
[Round "5"]
[White "Romano', Fabio"]
[Black "Guerrini, Donato"]
[Result "1/2-1/2"]
[WhiteElo "1771"]
[BlackElo "2035"]
[PlyCount "40"]
[EventDate "2002.02.09"]

1. e4 e6 2. d4 d5 3. Nd2 Nf6 4. e5 Nfd7 5. Bd3 c5 6. c3 Nc6 7. Ne2 cxd4 8. cxd4
Qb6 9. Nf3 f6 10. exf6 Nxf6 11. O-O Bd6 12. b3 e5 13. dxe5 Nxe5 14. Nxe5 Bxe5
15. Rb1 O-O 16. h3 Bd7 17. Be3 Qa5 18. Qd2 Qxd2 19. Bxd2 Ne4 20. Bb4 Rf7
1/2-1/2

[Event "C.to Provinciale CO"]
[Site "Mariano Comense ITA"]
[Date "2002.02.17"]
[Round "5"]
[White "Sironi, Roberto"]
[Black "Nacca, Bruno"]
[Result "1-0"]
[WhiteElo "1698"]
[BlackElo "1630"]
[PlyCount "83"]
[EventDate "2002.02.09"]

1. d4 f5 2. Nf3 Nf6 3. c4 g6 4. Nc3 Bg7 5. g3 d6 6. Bg2 O-O 7. O-O Nc6 8. a3 e5
9. d5 Ne7 10. Qc2 Nh5 11. Ng5 h6 12. Ne6 Bxe6 13. dxe6 c6 14. Rd1 Qc7 15. b4
Rad8 16. Qb3 f4 17. Bb2 fxg3 18. hxg3 Qb6 19. c5 dxc5 20. Na4 c4 21. Nxb6 cxb3
22. Nd7 Rfe8 23. Nc5 b6 24. Nxb3 Nd5 25. Rac1 Rxe6 26. e4 Red6 27. exd5 cxd5
28. Rc7 a6 29. a4 e4 30. Nd4 R8d7 31. Rc8+ Kf7 32. b5 axb5 33. axb5 e3 34. Ba3
exf2+ 35. Kxf2 Bxd4+ 36. Rxd4 Rf6+ 37. Bf3 Ra7 38. Rc3 Ke6 39. Re3+ Kf7 40. Kg2
Kg7 41. Rxd5 Rc7 42. Bb2 1-0

[Event "C.to Provinciale CO"]
[Site "Mariano Comense ITA"]
[Date "2002.02.17"]
[Round "5"]
[White "Zecca, Carlo"]
[Black "Donadi, Luca"]
[Result "0-1"]
[WhiteElo "1455"]
[BlackElo "1708"]
[PlyCount "100"]
[EventDate "2002.02.09"]

1. d4 Nf6 2. c4 g6 3. Nc3 Bg7 4. e4 d6 5. f3 O-O 6. Bg5 e5 7. d5 Nbd7 8. Nge2
h6 9. Bh4 g5 10. Bg3 Nh5 11. Bf2 f5 12. Ng3 Nxg3 13. hxg3 fxe4 14. Nxe4 Nf6 15.
Bd3 Nxe4 16. Bxe4 Bf5 17. Qd3 Qf6 18. O-O-O Bxe4 19. Qxe4 a6 20. Kb1 b5 21. c5
a5 22. Rc1 Rfc8 23. Rc2 b4 24. Rc4 Rab8 25. Rhc1 Bf8 26. cxd6 Bxd6 27. Rc6 b3
28. a3 Qf7 29. Bc5 Rd8 30. Bxd6 cxd6 31. Rc7 Rd7 32. Rc8+ Rxc8 33. Rxc8+ Kg7
34. g4 Rc7 35. Rd8 Qe7 36. Ra8 Rc5 37. Rb8 Rc1+ 38. Kxc1 Qc7+ 39. Kd2 Qxb8 40.
Qc4 Qb6 41. Kc3 Qe3+ 42. Qd3 Qb6 43. Qc4 Qe3+ 44. Qd3 Qb6 45. Qc4 Qe3+ 46. Qd3
Qb6 47. Qe4 Qb7 48. Qc4 a4 49. Qc6 Qa7 50. Qxd6 Qd4# 0-1

[Event "C.to Provinciale CO"]
[Site "Mariano Comense ITA"]
[Date "2002.02.17"]
[Round "6"]
[White "Colombo, Eugenio"]
[Black "Colombo, Samuel"]
[Result "0-1"]
[WhiteElo "1582"]
[BlackElo "1500"]
[PlyCount "62"]
[EventDate "2002.02.09"]

1. e4 e6 2. Nc3 d5 3. d4 Bb4 4. Bd3 dxe4 5. Bxe4 Nf6 6. Bg5 h6 7. Bxf6 Qxf6 8.
Nf3 Qf4 9. Qd3 Bxc3+ 10. bxc3 f5 11. Bxb7 Bxb7 12. Qe2 Qe4 13. Rb1 Qxe2+ 14.
Kxe2 Be4 15. Rb2 O-O 16. Nh4 Kh7 17. f3 Bd5 18. f4 Nd7 19. Nf3 Rfb8 20. Rhb1
Bxa2 21. Rxb8 Rxb8 22. Ra1 Bc4+ 23. Kd2 a6 24. Ra5 c6 25. Ne5 Nxe5 26. fxe5 Kg6
27. g3 Kg5 28. Ra1 Kg4 29. Ke3 Rb2 30. h4 Rxc2 31. h5 Re2# 0-1

[Event "C.to Provinciale CO"]
[Site "Mariano Comense ITA"]
[Date "2002.02.17"]
[Round "6"]
[White "Donadi, Luca"]
[Black "Negri, Sergio"]
[Result "1-0"]
[WhiteElo "1708"]
[BlackElo "1630"]
[PlyCount "63"]
[EventDate "2002.02.09"]

1. e4 e6 2. d4 d5 3. Nd2 dxe4 4. Nxe4 Nd7 5. Nf3 Ngf6 6. Bd3 Nxe4 7. Bxe4 Nf6
8. Bg5 Be7 9. Bxf6 Bxf6 10. c3 O-O 11. Qc2 h6 12. O-O c6 13. Rfe1 Qc7 14. Re2
Bd7 15. Rd1 Rad8 16. Rd3 Rfe8 17. Ne5 Bxe5 18. dxe5 Bc8 19. Rg3 Qd7 20. Bd3 b6
21. Re4 Kh8 22. Reg4 g6 23. h4 Rg8 24. Qd2 g5 25. hxg5 Ba6 26. Rd4 Qb7 27. Bxa6
Rxd4 28. Qxd4 Qxa6 29. Qf4 hxg5 30. Qf6+ Rg7 31. Rh3+ Kg8 32. Qd8# 1-0

[Event "C.to Provinciale CO"]
[Site "Mariano Comense ITA"]
[Date "2002.02.17"]
[Round "6"]
[White "Guerrini, Donato"]
[Black "Bellotto, Stefano"]
[Result "1-0"]
[WhiteElo "2035"]
[BlackElo "1710"]
[PlyCount "71"]
[EventDate "2002.02.09"]

1. Nf3 f5 2. b4 d6 3. Bb2 e5 4. e3 Nf6 5. d4 e4 6. Nfd2 d5 7. a3 a5 8. b5 c6 9.
a4 cxb5 10. Bxb5+ Bd7 11. Na3 Nc6 12. c3 Bd6 13. Qb3 O-O 14. Nc2 Kh8 15. c4 Nb4
16. c5 Nxc2+ 17. Qxc2 Bc7 18. g3 Bc6 19. Nb1 Qe8 20. Nc3 Qh5 21. Be2 Qh3 22.
Bf1 Qh5 23. Be2 Qh6 24. Nb5 Bb8 25. Qd2 g5 26. Bc3 f4 27. exf4 gxf4 28. O-O-O
e3 29. fxe3 fxe3 30. Qd3 Ne4 31. Qxe4 dxe4 32. d5+ Kg8 33. dxc6 bxc6 34. Bc4+
Rf7 35. Rd8+ Qf8 36. Bxf7+ 1-0

[Event "C.to Provinciale CO"]
[Site "Mariano Comense ITA"]
[Date "2002.02.17"]
[Round "6"]
[White "Mason, Giovanni"]
[Black "Lancianese, Giuseppe"]
[Result "0-1"]
[WhiteElo "1600"]
[BlackElo "1645"]
[PlyCount "92"]
[EventDate "2002.02.09"]

1. e4 c5 2. Bc4 e6 3. Nc3 a6 4. b3 b5 5. Be2 Nc6 6. Nf3 e5 7. d3 h6 8. Nd5 Nf6
9. Bb2 d6 10. c4 Nxd5 11. cxd5 Ne7 12. O-O Ng6 13. Bc1 Be7 14. g3 Bh3 15. Re1
h5 16. Kh1 h4 17. Ng1 hxg3 18. fxg3 Qd7 19. a3 Qc7 20. Nxh3 Rxh3 21. Bg4 Rh8
22. Ra2 Bf6 23. Rf1 Qa5 24. Bd2 b4 25. a4 Qd8 26. Bc1 Nf8 27. Raf2 Nd7 28. Qf3
Qe7 29. Bxd7+ Qxd7 30. Qf5 Qe7 31. g4 Bh4 32. Qxf7+ Kd7 33. Qxe7+ Bxe7 34. Kg2
Bf6 35. g5 Be7 36. Kg3 Rh5 37. h4 Rah8 38. Rh2 Ke8 39. Be3 Bd8 40. Rh3 Be7 41.
Kg4 g6 42. Bd2 Bd8 43. Be1 Bxg5 44. hxg5 Rxh3 45. Bg3 Rh1 46. Rf6 Ke7 0-1

[Event "C.to Provinciale CO"]
[Site "Mariano Comense ITA"]
[Date "2002.02.17"]
[Round "6"]
[White "Nacca, Bruno"]
[Black "Boasso, Adriano"]
[Result "1-0"]
[WhiteElo "1630"]
[BlackElo "1473"]
[PlyCount "91"]
[EventDate "2002.02.09"]

1. d4 Nf6 2. Bg5 e6 3. e4 Be7 4. Bd3 b6 5. f4 Bb7 6. Nd2 d6 7. Ngf3 Nbd7 8. O-O
c5 9. c3 Rc8 10. e5 dxe5 11. fxe5 Nd5 12. Bxe7 Qxe7 13. Nc4 O-O 14. Qd2 Rb8 15.
Nd6 Ba8 16. g4 f6 17. Rae1 fxe5 18. dxe5 Nxe5 19. Rxe5 Qxd6 20. Bxh7+ Kxh7 21.
Rh5+ Kg8 22. Qd3 Rf6 23. Qh7+ Kf8 24. Qh8+ Ke7 25. Qxg7+ Rf7 26. Qg5+ Rf6 27.
Rh7+ Kd8 28. c4 Qf4 29. cxd5 Bxd5 30. Qxf4 Rxf4 31. Ne5 Rxf1+ 32. Kxf1 Rb7 33.
Rxb7 Bxb7 34. Kf2 Ke7 35. g5 Be4 36. Ke3 Bf5 37. Nc6+ Kf7 38. Nxa7 Kg6 39. Kf4
Bd3 40. Nc6 c4 41. Ne5+ Kh5 42. Nxd3 cxd3 43. Ke3 Kxg5 44. Kxd3 Kf4 45. Ke2 e5
46. a4 1-0

[Event "C.to Provinciale CO"]
[Site "Mariano Comense ITA"]
[Date "2002.02.17"]
[Round "6"]
[White "Orsenigo, Davide"]
[Black "Corti, Filippo"]
[Result "1-0"]
[WhiteElo "1570"]
[BlackElo "1621"]
[PlyCount "83"]
[EventDate "2002.02.09"]

1. e4 c6 2. d4 d5 3. e5 Bf5 4. h4 h5 5. c4 dxc4 6. Bxc4 e6 7. Nc3 Nd7 8. Nf3
Ne7 9. Bg5 Qa5 10. O-O Nd5 11. Nxd5 cxd5 12. Bd3 Bxd3 13. Qxd3 Be7 14. Bxe7
Kxe7 15. Ng5 Qb6 16. Qa3+ Ke8 17. Qf3 Rf8 18. Qxh5 Ke7 19. Nf3 f6 20. exf6+
gxf6 21. Rfe1 Qd6 22. Re2 Rh8 23. Qg6 Rag8 24. Qd3 Qf4 25. Rae1 Qg4 26. Rxe6+
Qxe6 27. Rxe6+ Kxe6 28. g3 Rg4 29. Kh2 Re4 30. Qc3 Nb6 31. Qc7 Rc8 32. Qxb7 Rc2
33. Qxa7 Rxf2+ 34. Kh3 Rxb2 35. Qb8 Ree2 36. Qg8+ Kd6 37. Qf8+ Kc7 38. Qxf6 Rf2
39. Qe7+ Kb8 40. Ne5 Rfc2 41. Nd3 Nc8 42. Qe5+ 1-0

[Event "C.to Provinciale CO"]
[Site "Mariano Comense ITA"]
[Date "2002.02.17"]
[Round "6"]
[White "Rossi, Giampiero"]
[Black "Buonocore, Elio"]
[Result "0-1"]
[WhiteElo "2065"]
[BlackElo "2105"]
[PlyCount "68"]
[EventDate "2002.02.09"]

1. d4 Nf6 2. c4 g6 3. g3 Bg7 4. Bg2 d6 5. Nc3 O-O 6. Nf3 Nc6 7. O-O a6 8. h3
Rb8 9. e4 b5 10. cxb5 axb5 11. e5 Nd7 12. Ng5 dxe5 13. Bxc6 exd4 14. Ne2 e5 15.
Bg2 h6 16. Nf3 c5 17. Bd2 Bb7 18. Qc1 Kh7 19. Re1 f5 20. Nh2 Qb6 21. b3 Rfc8
22. Rb1 Bxg2 23. Kxg2 Qc6+ 24. f3 Nf6 25. Ng1 Nd5 26. Qc2 Ra8 27. Rbc1 c4 28.
bxc4 bxc4 29. Rb1 d3 30. Qc1 c3 31. Be3 Rxa2+ 32. Kh1 d2 33. Bxd2 cxd2 34. Qxc6
dxe1=Q 0-1

[Event "C.to Provinciale CO"]
[Site "Mariano Comense ITA"]
[Date "2002.02.17"]
[Round "6"]
[White "Sironi, Roberto"]
[Black "Romano', Fabio"]
[Result "1/2-1/2"]
[WhiteElo "1698"]
[BlackElo "1771"]
[PlyCount "127"]
[EventDate "2002.02.09"]

1. d4 Nf6 2. c4 e6 3. Nf3 d5 4. Nc3 c6 5. Bg5 Be7 6. e3 Nbd7 7. c5 h6 8. Bh4
Nh5 9. Bxe7 Qxe7 10. Ne5 Nxe5 11. dxe5 g6 12. Qd4 Rb8 13. Bd3 Ng7 14. Na4 Nf5
15. Qc3 Qh4 16. Bc2 d4 17. exd4 Nxd4 18. Rd1 Nxc2+ 19. Qxc2 Qg5 20. O-O Qxe5
21. Qd2 Qc7 22. Nc3 b6 23. b4 Ba6 24. Rfe1 Rd8 25. Qe3 Ke7 26. Rxd8 Qxd8 27.
Qe5 Qb8 28. Qe3 Bc4 29. a4 Rd8 30. Qxh6 Rh8 31. Qg5+ f6 32. Qg3 Qxg3 33. hxg3
Rd8 34. Ne4 Bb3 35. a5 bxa5 36. bxa5 Rd1 37. Rxd1 Bxd1 38. Kf1 Bb3 39. f3 e5
40. Kf2 Ke6 41. Nc3 Kd7 42. f4 Ke6 43. Ke3 Bd5 44. Kf2 Kf5 45. g4+ Ke6 46. g3
exf4 47. gxf4 g5 48. Ke3 gxf4+ 49. Kxf4 Bg2 50. Nd1 Bh1 51. Ne3 Bd5 52. Nd1 Bb3
53. Nc3 Bc4 54. Ke3 Ke5 55. Ne4 Be6 56. g5 fxg5 57. Nxg5 Bf5 58. Nf3+ Kd5 59.
Nd4 Bc8 60. Kd3 Kxc5 61. Kc3 Bg4 62. Nb3+ Kb5 63. Nd4+ Kc5 64. Nb3+ 1/2-1/2

[Event "C.to Provinciale CO"]
[Site "Mariano Comense ITA"]
[Date "2002.02.17"]
[Round "6"]
[White "Vignotto, Ciro"]
[Black "Revinelli, Sergio"]
[Result "1/2-1/2"]
[WhiteElo "1618"]
[BlackElo "1675"]
[PlyCount "103"]
[EventDate "2002.02.09"]

1. e4 e5 2. Nf3 Nc6 3. Bc4 Nf6 4. d3 Bc5 5. c3 d6 6. b4 Bb6 7. a4 a6 8. h3 Ne7
9. O-O O-O 10. Bb3 Ng6 11. Re1 c6 12. Nbd2 Bc7 13. d4 Be6 14. Bxe6 fxe6 15.
dxe5 dxe5 16. Qe2 Nf4 17. Qc4 Qd3 18. Re3 Qd7 19. Re1 Rad8 20. Qb3 Nd3 21. Rf1
Nh5 22. Nc4 Nhf4 23. Be3 Qf7 24. Bxf4 exf4 25. Nb2 Nxb2 26. Qxb2 Rd7 27. Rad1
Rfd8 28. Qc2 Qe7 29. Rfe1 b5 30. Kf1 h6 31. Ke2 c5 32. axb5 axb5 33. Qb3 Rxd1
34. Rxd1 Rxd1 35. Kxd1 Qd6+ 36. Ke2 c4 37. Qc2 Bb6 38. Qd2 Qc7 39. Nd4 Qe5 40.
Kf3 Bxd4 41. Qxd4 Qxd4 42. cxd4 g5 43. Ke2 Kf7 44. Kd2 Ke7 45. Kc3 Kd6 46. Kd2
h5 47. Ke2 Ke7 48. Kd2 Kf6 49. Kc3 g4 50. hxg4 f3 51. g3 hxg4 52. Kd2 1/2-1/2

[Event "I Festival Marco Gerolamo Vida B"]
[Site "Cremona ITA"]
[Date "2002.04.12"]
[Round "2"]
[White "Borboni, Paolo"]
[Black "Festa, Samuele"]
[Result "0-1"]
[WhiteElo "1584"]
[BlackElo "1663"]
[PlyCount "50"]
[EventDate "2002.04.12"]

1. e4 c5 2. c3 d5 3. exd5 Qxd5 4. d4 cxd4 5. cxd4 Nc6 6. Nf3 e5 7. Nc3 Bb4 8.
dxe5 Qxd1+ 9. Kxd1 Bg4 10. Bf4 Rd8+ 11. Kc1 Nge7 12. Bg3 O-O 13. h3 Bxf3 14.
gxf3 Nf5 15. f4 Ncd4 16. Bc4 Rc8 17. Bb3 Rfd8 18. Bd1 Nb5 19. Bg4 g6 20. Bxf5
gxf5 21. Bh4 Rd4 22. Rg1+ Kf8 23. Bf6 Nxc3 24. bxc3 Bxc3 25. Rb1 Ba1# 0-1

[Event "I Festival Marco Gerolamo Vida B"]
[Site "Cremona ITA"]
[Date "2002.04.13"]
[Round "3"]
[White "Festa, Samuele"]
[Black "Marchiano, Nicola"]
[Result "0-1"]
[WhiteElo "1663"]
[BlackElo "1600"]
[PlyCount "74"]
[EventDate "2002.04.12"]

1. d4 d5 2. c4 e6 3. Nc3 c5 4. cxd5 cxd4 5. Qa4+ Bd7 6. Qxd4 exd5 7. Qxd5 Nf6
8. Qb3 Nc6 9. Nf3 Bb4 10. Bd2 Be6 11. Qa4 Qb6 12. e3 O-O 13. Be2 Rfd8 14. O-O
Bg4 15. Rfd1 Bxf3 16. Bxf3 Ne5 17. Be2 Rac8 18. Qb5 Qxb5 19. Bxb5 a6 20. Be2
Nc4 21. Bxc4 Rxc4 22. a3 Ba5 23. Kf1 Ng4 24. h3 Ne5 25. Ke2 Rdc8 26. Be1 R4c6
27. Rd5 Nc4 28. b4 Bd8 29. a4 Bf6 30. b5 axb5 31. axb5 R6c7 32. Rad1 Nb6 33.
Rd6 Nc4 34. Nd5 Nxd6 35. Nxc7 Ne4 36. Nd5 Rc2+ 37. Rd2 Nxd2 0-1

[Event "XXII Festival Conca della Presolana 1N"]
[Site "Bratto - Castione della Presolana ITA"]
[Date "2002.08.28"]
[Round "8"]
[White "Masotti, Roberto"]
[Black "Marta, Daniele"]
[Result "1-0"]
[WhiteElo "1711"]
[BlackElo "2014"]
[PlyCount "71"]
[EventDate "2002.08.21"]

1. Nf3 Nf6 2. c4 g6 3. Nc3 Bg7 4. e4 d6 5. d4 O-O 6. Be2 e5 7. O-O Nc6 8. d5
Ne7 9. b4 Nh5 10. Re1 Nf4 11. Bf1 h6 12. c5 f5 13. Bxf4 exf4 14. e5 dxe5 15.
Nxe5 Kh7 16. Qb3 Ng8 17. Rad1 Re8 18. Nf7 Qd7 19. d6 Rxe1 20. Rxe1 Bxc3 21.
Qxc3 Qxf7 22. Bc4 Qd7 23. Bxg8+ Kxg8 24. Re7 Qxe7 25. dxe7 Kf7 26. c6 b6 27.
Qh8 Kxe7 28. Qg7+ Kd6 29. Qxg6+ Be6 30. Qxh6 Re8 31. Qxf4+ Kxc6 32. a3 Bd5 33.
f3 Re1+ 34. Kf2 Ra1 35. Qxf5 a5 36. Qf6+ 1-0

[Event "Weekend B"]
[Site "Monza ITA"]
[Date "2002.03.16"]
[Round "1"]
[White "Mei, Gianluca"]
[Black "Negri, Sergio"]
[Result "1/2-1/2"]
[WhiteElo "1588"]
[BlackElo "1630"]
[PlyCount "82"]
[EventDate "2002.03.16"]

1. e4 e6 2. d4 d5 3. e5 c5 4. c3 Qb6 5. Nf3 Bd7 6. a3 Bb5 7. Qb3 Bxf1 8. Qxb6
axb6 9. Kxf1 Nc6 10. Be3 f6 11. Nbd2 fxe5 12. Nxe5 Nge7 13. Ndf3 Nxe5 14. Nxe5
Nf5 15. Ke2 Bd6 16. Nd3 Rc8 17. Rac1 O-O 18. g3 Rf7 19. f4 Rfc7 20. Rhd1 Nxe3
21. Kxe3 cxd4+ 22. cxd4 Kf7 23. Rxc7+ Rxc7 24. Rc1 Rc6 25. Rxc6 bxc6 26. b4 Kf6
27. a4 Bc7 28. h3 Ke7 29. Kf3 Bb8 30. g4 Kd6 31. h4 Bc7 32. g5 g6 33. Kg4 Ke7
34. h5 Kd8 35. hxg6 hxg6 36. Kf3 Bd6 37. Ke3 Kc7 38. Kd2 Kb7 39. Kc3 Ka6 40.
Kb3 Bc7 41. Kc3 Bd6 1/2-1/2

[Event "Weekend B"]
[Site "Monza ITA"]
[Date "2002.03.17"]
[Round "2"]
[White "Molteni, Costantino"]
[Black "Mei, Gianluca"]
[Result "1-0"]
[WhiteElo "1567"]
[BlackElo "1588"]
[PlyCount "105"]
[EventDate "2002.03.16"]

1. Nf3 Nf6 2. c4 e6 3. g3 d5 4. Bg2 c6 5. b3 Nbd7 6. d4 Bd6 7. Bb2 O-O 8. O-O
Re8 9. Nbd2 Nf8 10. Qc2 Qc7 11. e4 dxe4 12. Nxe4 Nxe4 13. Qxe4 Bd7 14. Qd3 Be7
15. Rfe1 Rad8 16. Re3 b6 17. Qe2 Bc8 18. Ne5 Bb7 19. Rd1 Bd6 20. Nd3 Qc8 21.
Ne5 Qc7 22. Qf3 Bxe5 23. Rxe5 Re7 24. Qe2 Red7 25. Re3 c5 26. Red3 Bxg2 27.
Kxg2 cxd4 28. Rxd4 Rxd4 29. Rxd4 Rxd4 30. Bxd4 Nd7 31. Qg4 e5 32. Be3 Qc6+ 33.
Qf3 Qxf3+ 34. Kxf3 f6 35. Ke4 Kf7 36. Kd5 Ke7 37. Kc6 f5 38. b4 h6 39. h4 e4
40. Bf4 Ke6 41. a4 Ne5+ 42. Bxe5 Kxe5 43. c5 bxc5 44. bxc5 g5 45. Kb7 f4 46.
gxf4+ gxf4 47. c6 e3 48. fxe3 f3 49. c7 f2 50. c8=Q f1=Q 51. Qc5+ Ke6 52. Qc6+
Ke5 53. Qb5+ 1-0

[Event "Weekend B"]
[Site "Monza ITA"]
[Date "2002.03.17"]
[Round "3"]
[White "Mazzarelli, Donato"]
[Black "Mei, Gianluca"]
[Result "1-0"]
[WhiteElo "1476"]
[BlackElo "1588"]
[PlyCount "98"]
[EventDate "2002.03.16"]

1. e4 e5 2. Nf3 Nc6 3. Bb5 d6 4. c3 Bd7 5. O-O Nf6 6. d3 Be7 7. h3 O-O 8. Re1
Re8 9. Nbd2 Bf8 10. Nf1 g6 11. Ng3 Bg7 12. Bg5 h6 13. Bd2 Nb8 14. Bc4 Be6 15.
Bxe6 Rxe6 16. Qc1 Kh7 17. d4 Re7 18. d5 Nbd7 19. b4 c5 20. dxc6 bxc6 21. Qa3
Nb6 22. Rad1 Qc7 23. Qb3 d5 24. exd5 cxd5 25. Be3 Nfd7 26. Ne2 Rc8 27. a4 Nf6
28. a5 Nc4 29. Bc5 Ree8 30. Nd2 Nxa5 31. Qa4 Nb7 32. Nb3 a5 33. Be3 axb4 34.
Qxb4 Rb8 35. Nd2 Nd6 36. Qh4 Qc6 37. g4 Qd7 38. f3 Qa4 39. Ra1 Qc6 40. Qf2 Rb2
41. Rad1 Reb8 42. Bc5 e4 43. Bxd6 exf3 44. Bxb8 fxe2 45. Qxe2 Ne4 46. Bf4 Nxc3
47. Qd3 Nxd1 48. Rxd1 Qc2 49. Qxc2 Rxc2 1-0